000 00376nam a2200133Ia 4500
008 151001s9999||||xx |||||||||||||| ||und||
100 _aश्यामसुंदर मुळे
245 _aआर्थिक निषक आणि
250 _a1
260 _bअनुबंध प्रकाशन
260 _c2007
300 _a144
365 _b21
999 _c998411
_d998408